Souliers d'or en Premier League - Statistiques

Statistiques générales
  • Ce quiz a été pris 448 fois
  • Le résultat moyen est 18 sur 25
Statistiques - réponses
Saison Nombre de Buts Soulier d'Or % Correct
2021/2022 23 Mohamed Salah
95%
2018/2019 22 Mohamed Salah
95%
2017/2018 32 Mohamed Salah
95%
2020/2021 23 Harry Kane
91%
2016/2017 29 Harry Kane
91%
2015/2016 25 Harry Kane
91%
Sadio Mané
87%
2014/2015 26 Sergio Aguero
87%
2007/2008 31 Cristiano Ronaldo
85%
2005/2006 27 Thierry Henry
83%
2004/2005 25 Thierry Henry
83%
2003/2004 30 Thierry Henry
83%
2001/2002 24 Thierry Henry
83%
Heung-Min Son
71%
2009/2010 29 Didier Drogba
68%
2006/2007 20 Didier Drogba
68%
2019/2020 23 Jamie Vardy
67%
2013/2014 31 Luis Suarez
60%
2012/2013 26 Robin Van Persie
60%
2011/2012 30 Robin Van Persie
60%
Pierre-Emerick Aubameyang
50%
2002/2003 25 Ruud Van Nistelrooy
39%
2010/2011 20 Carlos Tevez
34%
2008/2009 19 Nicolas Anelka
25%
Dimitar Berbatov
23%
Aucun quiz correspondant
Distribution des résultats
% des personnes avec chaque résultat
Percentile par nombre de réponses
Votre historique - résultats
Vous n’avez pas pris ce quiz